| 000 | 00623nam a22001817a 4500 | ||
|---|---|---|---|
| 999 |
_c193549 _d193549 |
||
| 005 | 20221102123111.0 | ||
| 010 | _aENG-135597 | ||
| 020 |
_a9788173414831 _c1295.00 |
||
| 035 | _aEN-119129 | ||
| 037 | _bDBAD/PUB | ||
| 082 | _a305.4 | ||
| 100 | _aSrivastav, V.P. | ||
| 245 |
_aWomen empowerment in india: _bissues and challenges/ _cby V.P. Srivastav |
||
| 260 |
_aDelhi _bIndian publishers distributors _c2011 |
||
| 270 |
_a166-D, Kamla nagar _bDelhi _e110007 _k011-23846233 _mipd@mailandnews.com _l011-23846233 |
||
| 300 |
_aviii; 613p. _c23cm(pbk) _bBibliography & Index |
||
| 942 |
_2ddc _cEN _mSRI _h305.4 |
||